000 00323nam a2200133Ia 4500
005 20260328104345.0
008 260328s9999||||xx |||||||||||||| ||und||
100 _aGuerra, Abilio
245 0 _aRuy Ohtake, arquiteto /
_cAbilio Guerra
260 _bRomano Guerra
300 _a357 p.
650 _aARQUITECTOS
942 _cBK
999 _c12270
_d12270